000 00518nam a2200205 a 4500
001 7387
005 20180713191258.0
008 140415s1984 mx 000 0 spa d
020 _a9684329822
041 _aspa
082 _a346
_bGAU
100 1 _aGAUDEMET, EUGENE
245 1 0 _aTEORIA GENERAL DE LAS OBLIGACIONES
250 _a2a ed.
260 _aMEXICO :
_bPORRUA,
_c1984
300 _a534
650 1 4 _aDERECHO CIVIL
700 1 _aMACEDO, PABLO
_etr.
700 1 _aCAPITANT, HENRI
_eprĂ³l.
999 _c7387
_d7387